Have mercy baby : the life of Clyde McPhatter /

Bibliographic Details
Main Authors: Bergsman, Steve (Author), Isley, Ronald (Author)
Format: eBook
Language:English
Published: Jackson : University Press of Mississippi, 2026.
Series:American made music series
Subjects:
Online Access:Connect to the full text of this electronic book

MARC

Tag First Indicator Second Indicator Subfields
LEADER 00000nam a22000001i 4500
001 in00005777499
005 20260406130758.4
006 m |o d |
007 cr |n|||||||||
008 260218s2026 msu ob 001 0beng d
020 |a 9781496861306 (electronic bk.) 
020 |a 1496861302 (electronic bk.) 
020 |z 9781496854780 
020 |z 1496854780 
020 |z 9781496861283 
020 |z 1496861280 
035 |a (NhCcYBP)jstor22573/CATS33507227 
040 |a NhCcYBP  |c NhCcYBP 
043 |a n-us---  |0 http://id.loc.gov/authorities/names/n78095330 
050 4 |a ML420.M341845  |b B47 2026 
082 0 4 |a 782.42164092  |a B  |2 23/eng/20251125 
100 1 |a Bergsman, Steve  |e author  |4 aut  |4 http://id.loc.gov/vocabulary/relators/aut  |0 http://id.loc.gov/authorities/names/n2003105234  |1 http://id.loc.gov/rwo/agents/n2003105234. 
245 1 0 |a Have mercy baby :  |b the life of Clyde McPhatter /  |c Steve Bergsman, Ronald Isley. 
264 1 |a Jackson :  |b University Press of Mississippi,  |c 2026. 
300 |a 1 online resource. 
336 |a text  |b txt  |2 rdacontent 
337 |a computer  |b c  |2 rdamedia 
338 |a online resource  |b cr  |2 rdacarrier 
490 1 |a American made music series 
500 |a Description based on print version record. 
504 |a Includes bibliographical references and index. 
505 0 |a Foreword -- Chapter One: Sixty minute man -- Chapter Two: I'd be satisfied -- Chapter Three: What'cha gonna do -- Chapter Four: These foolish things (remind me of you) -- Chapter Five: Money honey -- Chapter Six: Such a night -- Chapter Seven: Bip bam -- Chapter Eight: Treasure of love -- Chapter Nine: Without love (there is nothing) -- Chapter Ten: A lover's question -- Chapter Eleven: Lovey dovey -- Chapter Twelve: There you go -- Chapter Thirteen: Lover please -- Chapter Fourteen: Crying won't help you now -- Chapter Fifteen: Deep in the heart of Harlem -- Honors and awards -- Selected discography -- Research and acknowledgments -- Notes -- Index. 
532 1 |3 JSTOR  |a "We apply WCAG and Section 508 standards to improve the user experience for everyone...The target for JSTOR is WCAG 2.2 Level AA." Source: https://about.jstor.org/accessibility/. Last accessed April 22, 2025. 
588 |a Description based on print version record. 
600 1 0 |a McPhatter, Clyde  |1 http://id.loc.gov/rwo/agents/n92010202. 
610 2 0 |a Drifters (Musical group)  |1 http://id.loc.gov/rwo/agents/n91048206 
650 0 |a Singers  |z United States  |v Biography. 
650 0 |a Rhythm and blues music  |x History and criticism. 
650 0 |a Doo-wop (Music)  |x History and criticism. 
655 7 |a Electronic books.  |2 local 
700 1 |a Isley, Ronald  |e author  |4 http://id.loc.gov/vocabulary/relators/aut  |0 http://id.loc.gov/authorities/names/n92006389  |1 http://id.loc.gov/rwo/agents/n92006389. 
776 1 8 |i Online version  |4 http://id.loc.gov/entities/relationships/onlineversion  |a Bergsman, Steve  |t Have mercy baby  |d Jackson : University Press of Mississippi, 2026  |z 9781496861290  |w (DLC) 2025045129 
776 1 8 |c Original  |z 9781496854780  |z 1496854780  |z 9781496861283  |z 1496861280  |w (DLC) 2025045128 
830 0 |a American made music series  |1 http://id.loc.gov/resources/hubs/45ae6760-73ac-160c-a99b-77ca4e8a4c35 
856 4 0 |u http://proxy.library.tamu.edu/login?url=https://www.jstor.org/stable/10.2307/jj.33535057  |z Connect to the full text of this electronic book  |t 0 
955 |a JSTOR DDA record 
999 f f |i fe70b17c-339f-465f-b758-00e90492354f  |s fa47ced4-deef-4820-83cc-3c3b61320da1  |t 0 
952 f f |a Texas A&M University  |b College Station  |c Electronic Resources  |s evans_pda  |d Available Online  |t 0  |e ML420.M341845 B47 2026  |h Library of Congress classification 
998 f f |a ML420.M341845 B47 2026  |t 0  |l Available Online